=LDR 00000nam 2200000 4500 =001 INLIS000000000023255 =005 20130612121929 =008 ***********************************Ind** =035 ##$$0010-061300000023255 =041 ##$$a Ind =082 ##$$a 375 =090 ##$$a 375, Nas p =100 ##$$a Nasution, S =245 ##$$a Pengembangan kurikulum, S. Nasution =260 ##$$a 1990 $b Bandung =300 ##$$a 195 hlm, 21 cm =650 ##$$a Kurikulum =850 ##$$a NBPNMAT